| 000 | 00953 a2200241 4500 | ||
|---|---|---|---|
| 003 | UA-OsUOA | ||
| 005 | 20220928103349.0 | ||
| 008 | 220926b un ||||| |||| 00| 0 ukr d | ||
| 020 | _a9667703673 | ||
| 040 |
_aUA-OsUOA _bukr _cUA-OsUOA _dUA-OsUOA |
||
| 041 | _aukr | ||
| 080 | _a82-92(477) | ||
| 090 |
_a82-92(477) _bГ80 |
||
| 100 | _aГренджа-Донський В. | ||
| 245 |
_aЯ теж українець _cВасиль Гренджа-Донський ; упоряд. В. І. Ільницького _bпубліцистика |
||
| 260 |
_aУжгород _bЗакарпаття _c2003 |
||
| 300 |
_a520 с. _bіл. |
||
| 650 |
_2UDC _a82 Література. Літературознавство |
||
| 700 | 1 |
_aІльницький В. І. _eупоряд. |
|
| 942 |
_cBK _2udc |
||
| 955 | _a3 | ||
| 999 |
_c573328 _d573328 |
||